000
00243nam a2200097Ia 4500
008
230915s9999 xx 000 0 und d
050
_a
S 540 .A21 L58 1978
100
_a
LITTLE THOMAS M.
245
0
_a
AGRICULTURAL EXPERIMENTATION
942
_c
BK
999
_c
201525
_d
201525